000 00575nam a2200241Ia 4500
005 20260320200958.0
008 008 262003s9999 xx 000 0 eng d
037 _aEBOOK
040 _aCRL
040 _beng
040 _cCRL
041 _2eng
041 _aeng
084 _qCRL
100 _aBerger
245 2 _aA Scientific Approach to Writing for Engineers and Scientists
260 _bIEEE
260 _c2014
856 _uhttps://ieeexplore.ieee.org/servlet/opac?bknumber=6852068
942 _cEBOOK
999 _c1718046
_d1718046